000 00622nam a2200205 a 4500
001 000028204
005 20240530073920.0
008 110407s2010 dr 000 f spa d
020 _z9789945460773
040 _aDO-SdBNP
_bspa
_cBNPHU
082 _aRD863.44
_bR457t, 2010
100 1 _aReyes, Ramón Emilio,
_d1937-
_955200
245 1 3 _aEl testimonio /
_cRamón Emilio Reyes.
260 _aSanto Domingo :
_bSantuario,
_c2010.
300 _a73 p. ;
_c22 cm.
590 _aInventariado, 2020/VM
650 0 _aNovela dominicana
_9223
650 0 _aLiteratura dominicana.
_967
910 _aValidado. Control de calidad EMS
999 _c27696
_d27696